000 00623nam a22002177a 4500
003 OSt
005 20260224123216.0
008 260224b |||||||| |||| 00| 0 eng d
020 _a10: 1520977638
020 _a978113892150X
040 _cDDC
082 _a657 LYN 2019
100 _aLynch, Jorge A.
_919542
245 _aPublic Procurement and Contract Administration: a brief introduction
260 _aLondon; Routledge, 2019
300 _a229p.; Ill: 25cm
504 _aNotes, references, & index all included
650 _aProcurement
_9339
650 _aContract administration
_919543
942 _2ddc
_cO_SHELF
999 _c9604
_d9604